000 00832nas a2200289 4500
001 BR2014005899
003 BR-BrBNA
005 20231205124524.0
007 ta
008 230509b bl.|||p| |||| 00| 00por d
040 _aBR-BrBNA
_bpor
_cBiblioteca Nacional de Agricultura
041 _a(Pt)
072 _aF08
100 1 _aRagassi, C.F.
100 1 _aPedrosa, A.W.
100 1 _aFavarin, J.L.
245 1 _aAspectos positivos e riscos no consórcio cafeeiro e braquiária
650 _aCAFÉ
650 _aCAPIM BRACHIARIA
650 _aCONSORCIAÇÃO DE CULTURA
650 _aADUBAÇÃO
650 _aSOLO
650 _aTEMPERATURA
773 0 _tVisão Agrícola (Brazil)
_xISSN 1806-6402
_g(Jan-Jul 2013), v. 8(12) p. 29-32
_wBR2014005899
909 _a202311
_bLúcia
_c55
_dLúcia Elande
942 _2AGRIS
_n0
_cANA
999 _c239509
_d239509